The millionaire and the mummies : Theodore Davis's Gilded Age in the Valley of the Kings /
محفوظ في:
المؤلف الرئيسي:
التنسيق: كتاب
اللغة: English
منشور في:
New York :
St. Martin's Press,
2013.
الطبعة: 1st ed.
الموضوعات:
الوسوم: إضافة وسم
لا توجد وسوم, كن أول من يضع وسما على هذه التسجيلة!
رقم الطلب: DT76.9 .D38 A33
| LEADER | 01429nam a22003137a 4500 | ||
|---|---|---|---|
| 003 | OSt | ||
| 005 | 20260210073033.0 | ||
| 008 | 260210t2013 nyuab g b 001 0beng d | ||
| 010 | |a 2013009111 | ||
| 020 | |a 9781250026699 | ||
| 040 | |c ARCE Library | ||
| 043 | |a f-ua--- |a n-us--- | ||
| 050 | 1 | 4 | |a DT76.9 .D38 |b A33 |
| 100 | 1 | |a Adams, John M., |d 1950- |e author | |
| 245 | 1 | 4 | |a The millionaire and the mummies : |b Theodore Davis's Gilded Age in the Valley of the Kings / |c John M. Adams. |
| 250 | |a 1st ed. | ||
| 264 | 1 | |a New York : |b St. Martin's Press, |c 2013. | |
| 300 | |a xi, 363 pages : |b illustrations, map ; |c 22 cm. | ||
| 504 | |a Includes bibliographical references (p. [341]-345) and index. | ||
| 505 | 0 | |a •Acknowledgments •A Note on Names •Tombs in the Valley of the Kings Discovered or Cleared •1. Thuyu's Golden Coffin •2. Rekhmire's Bronze Bowl •3. Hatshepsut's Quartzite Sarcophagus •4. Kiya's Alabaster Jar •5. Tawosret's Golden Earrings •6. Yuya's Vanished Shabtis •Notes •Bibliography •Index | |
| 600 | 1 | 0 | |a Davis, Theodore M., |d 1837-1915. |
| 650 | 0 | |a Archaeologists |z United States |v Biography. | |
| 650 | 0 | |a Egyptologists |z United States |v Biography. | |
| 650 | 0 | |a Excavations (Archaeology) |z Egypt |z Valley of the Kings. | |
| 650 | 0 | |a Tombs |z Egypt |z Valley of the Kings. | |
| 651 | 0 | |a Valley of the Kings (Egypt) |x Antiquities. | |
| 901 | |a reviewed | ||
| 942 | |c BK |2 lcc | ||
| 999 | |c 28000 |d 28000 | ||
